• 首页
  • 本馆介绍
  • 公告通知
  • 最新文献
  • 馆藏检索
  • 电子资源
  • 读者导购
  • 参考咨询
  • 我的图书馆
  • 登录
  • 详细信息显示
  • 放入我的书架
  • 预约/预借图书
  • 作者相关作品
  • 分类相关作品
  • 丛书相关作品
  • 出版社相关作品

书目信息

  • 表格格式
  • 工作单格式
  • 卡片格式
题名:
创造能力教与学
    
 
作者: A·J·斯塔科 著 ;刘晓陵 , 曾守锤 译
分册:  
出版信息: 上海   华东师范大学出版社  2003.07
页数: 349页
开本: 24cm
丛书名: 基础教育改革丛书
单 册:
中图分类: G632.0
科图分类:
主题词: 教育--各级
电子资源:
ISBN: 7-5617-3276-7
000 00878nam0 2200265 450
001 0435419675
005 20040311095019.14
010    @a7-5617-3276-7@dCNY29.00
100    @a20040311d2003 km y0chiy0120 ea
101 0  @achi
102    @aCN@b310000
200 1  @a创造能力教与学@d=Creativity in the Classroom@Achuang zao neng li jiao yu xue@f(美)A·J·斯塔科著@F(mei)A·J·si ta ke zhu@g刘晓陵,曾守锤译@Gliu xiao ling,ceng shou chui yi
205    @a2版
210    @a上海@c华东师范大学出版社@d2003.07
215    @a349页@d24cm
225 2  @a基础教育改革丛书
410  0 @12001 @a基础教育改革丛书
510    @a=Creativity in the Classroom
606 0  @a教育@x各级
690    @aG632.0@v4
701  0 @aA·J·斯塔科@AA·J·si ta ke@4著
702  0 @a刘晓陵@Aliu xiao ling@4译
702  0 @a曾守锤@Aceng shou chui@4译
801  0 @aCN@bPFT@c20040311
905    @aBZT@dG632.0@e1@f1
    
    创造能力教与学=Creativity in the Classroom/(美)A·J·斯塔科著/刘晓陵,曾守锤译.-2版.-上海:华东师范大学出版社,2003.07
    349页;24cm.-(基础教育改革丛书)
    ←并列题名:=Creativity in the Classroom
    
    ISBN 7-5617-3276-7:CNY29.00
    
●
相关链接 在五车中查询图书 在当当中查询图书 在豆瓣中查询图书


正题名:创造能力教与学     索取号:G632.0/1         预约/预借

序号 登录号 条形码 馆藏地/架位号 状态 备注
山东省滨州职业学院图书馆 欢迎您!
大连网信软件有限公司© 版权所有